[Event "Ruhrgebiet Verbandsliga Gruppe 2 1819"]
[Site "Nordrheinwestfalen"]
[Date "2018.11.04"]
[Round "3"]
[White "Parado, Dominado"]
[Black "Canzler, Harald"]
[Result "0-1"]
[WhiteElo "2400"]
[BlackElo "2400"]
[PlyCount "50"]
[EventDate "2018.09.23"]
[EventType "team-tourn"]
[EventRounds "9"]
[EventCountry "GER"]
[SourceTitle "EXT 2022"]
[Source "ChessBase"]
[SourceDate "2021.10.06"]
[SourceVersion "1"]
[SourceVersionDate "2021.10.06"]
[SourceQuality "1"]
[WhiteTeam "Recklinghausen Sued"]
[BlackTeam "Dortmund SV"]
[WhiteTeamCountry "GER"]
[BlackTeamCountry "GER"]

1. Nf3 g6 2. c4 Bg7 3. Nc3 d6 4. d4 Nf6 5. Bg5 0-0 6. Qd2 c5 7. Bh6 cxd4 8. Nxd4 Bxh6 9. Qxh6 Qb6 10. 0-0-0 Nc6 11. e3 Bd7 12. f3 Rac8 13. g4 Ne5 14. h4 Nxc4 15. Bxc4 Rxc4 16. h5 Rfc8 17. Nde2 Be6 18. hxg6 fxg6 19. g5 Qxe3+ 20. Kb1 Bf5+ 21. Ka1 Nh5 22. Rde1 Qe5 23. Ng3 Rxc3 24. Ne4 Bxe4 25. fxe4 Rc2 0-1

[Event "Ruhrgebiet Verbandsklasse Gruppe 2 1415"]
[Site "Germany"]
[Date "2014.12.14"]
[Round "4.5"]
[White "Mittelbachert, Ulrich"]
[Black "Canzler, Harald"]
[Result "0-1"]
[WhiteElo "1858"]
[BlackElo "1983"]
[PlyCount "66"]
[EventDate "2014.09.21"]
[EventType "team-tourn"]
[EventRounds "9"]
[EventCountry "GER"]
[SourceTitle "EXT 2022"]
[Source "ChessBase"]
[SourceDate "2021.10.06"]
[SourceVersion "1"]
[SourceVersionDate "2021.10.06"]
[SourceQuality "1"]
[WhiteTeam "Castrop Rauxel II"]
[BlackTeam "Dortmund SV"]
[WhiteTeamCountry "GER"]
[BlackTeamCountry "GER"]

1. b4 e5 2. Bb2 d6 3. c4 f5 4. e3 Nf6 5. Nf3 Be7 6. Be2 0-0 7. 0-0 Kh8 8. d3 Be6 9. d4 e4 10. Ng5 Bg8 11. d5 c6 12. Nc3 Nxd5 13. cxd5 Bxg5 14. Qd2 Bf6 15. Rab1 Be5 16. f4 exf3 17. Rxf3 Nd7 18. Rbf1 Qh4 19. g3 Qxb4 20. dxc6 bxc6 21. Rxf5 Bxa2 22. Rxf8+ Nxf8 23. Bf3 Bd5 24. Bxd5 cxd5 25. Qxd5 Rb8 26. Ne4 Qxb2 27. Ng5 h6 28. Nf7+ Kh7 29. Qe4+ Ng6 30. h4 Bxg3 31. Qh1 Bxh4 32. Nxd6 Rb4 33. Nf5 Rg4+ 0-1

[Event "Ruhrgebiet Verbandsklasse Gruppe 2 1415"]
[Site "Germany"]
[Date "2014.10.19"]
[Round "2.5"]
[White "Kremer, Moritz"]
[Black "Canzler, Harald"]
[Result "1/2-1/2"]
[WhiteElo "1694"]
[BlackElo "1983"]
[PlyCount "52"]
[EventDate "2014.09.21"]
[EventType "team-tourn"]
[EventRounds "9"]
[EventCountry "GER"]
[SourceTitle "EXT 2022"]
[Source "ChessBase"]
[SourceDate "2021.10.06"]
[SourceVersion "1"]
[SourceVersionDate "2021.10.06"]
[SourceQuality "1"]
[WhiteTeam "Muelheim Nord V"]
[BlackTeam "Dortmund SV"]
[WhiteTeamCountry "GER"]
[BlackTeamCountry "GER"]

1. Nf3 g6 2. g3 Bg7 3. Bg2 e5 4. d3 Ne7 5. 0-0 0-0 6. e4 d6 7. c4 Nbc6 8. Nc3 h6 9. a3 a5 10. h3 Be6 11. Nd5 f5 12. Be3 g5 13. Bd2 f4 14. b4 Ng6 15. g4 Nd4 16. bxa5 h5 17. gxh5 Nh4 18. Nxh4 gxh4 19. f3 c6 20. Nc3 Qxa5 21. Ne2 Qc5 22. Kh2 Nxe2 23. Qxe2 Rxa3 24. Rxa3 Qxa3 25. Rb1 Qa2 26. Rxb7 Rf7 1/2-1/2

[Event "Ruhrgebiet Verbandsliga1 1213"]
[Site "Nordrheinwestfalen"]
[Date "2013.02.24"]
[Round "7"]
[White "Canzler, Harald"]
[Black "Kiese, Matthias"]
[Result "1/2-1/2"]
[WhiteElo "2009"]
[BlackElo "2125"]
[PlyCount "56"]
[EventDate "2012.09.02"]
[EventType "team-tourn"]
[EventRounds "9"]
[EventCountry "GER"]
[SourceTitle "EXT 2020"]
[Source "ChessBase"]
[SourceDate "2019.10.17"]
[SourceVersion "1"]
[SourceVersionDate "2019.10.17"]
[SourceQuality "1"]
[WhiteTeam "Dortmund SV"]
[BlackTeam "Bochum SV II"]
[WhiteTeamCountry "GER"]
[BlackTeamCountry "GER"]

1. c4 e6 2. Nc3 d5 3. d4 Nf6 4. cxd5 exd5 5. Bg5 Be7 6. e3 c6 7. Qc2 Nbd7 8. Bd3 0-0 9. Nge2 Re8 10. f3 Nf8 11. 0-0-0 a5 12. Kb1 a4 13. h3 a3 14. b3 Be6 15. g4 N6d7 16. Bxe7 Qxe7 17. e4 dxe4 18. fxe4 Nb6 19. Nf4 c5 20. dxc5 Qxc5 21. Ncd5 Qa5 22. Qd2 Bxd5 23. exd5 Ng6 24. Bxg6 hxg6 25. d6 Qxd2 26. Rxd2 Rad8 27. Rhd1 g5 28. Nd5 Nxd5 1/2-1/2

[Event "Ruhrgebiet VK3 1112"]
[Site "Nordrheinwestfalen"]
[Date "2012.03.04"]
[Round "7"]
[White "Canzler, Harald"]
[Black "Kammerer, Rene"]
[Result "1-0"]
[WhiteElo "2001"]
[BlackElo "1800"]
[PlyCount "79"]
[EventDate "2012.09.18"]
[EventType "team-tourn"]
[EventRounds "9"]
[EventCountry "GER"]
[SourceTitle "EXT 2020"]
[Source "ChessBase"]
[SourceDate "2019.10.17"]
[SourceVersion "1"]
[SourceVersionDate "2019.10.17"]
[SourceQuality "1"]
[WhiteTeam "Dortmund SV"]
[BlackTeam "Werl SC 1981"]
[WhiteTeamCountry "GER"]
[BlackTeamCountry "GER"]

1. c4 e5 2. g3 d5 3. cxd5 Qxd5 4. Nf3 Nc6 5. Nc3 Qa5 6. Bg2 Nf6 7. d3 Be6 8. 0-0 h6 9. Bd2 Be7 10. a3 Qa6 11. b4 Nd4 12. Nxe5 Bb3 13. Qb1 Qe6 14. Nc4 0-0 15. Be3 Bxc4 16. Bxd4 Rfd8 17. e3 Bd5 18. Nxd5 Nxd5 19. Qb2 Bf6 20. Bxf6 Nxf6 21. d4 c6 22. Rac1 h5 23. b5 Rac8 24. bxc6 bxc6 25. h4 Rb8 26. Qc2 Rb6 27. Qa4 Rb2 28. Qxc6 Qb3 29. Qc3 Qb5 30. Qc4 Qf5 31. Qc5 Qd3 32. Qxa7 Ng4 33. Qe7 Rf8 34. Qe4 Qxa3 35. Rc2 Rfb8 36. Bf3 Nxe3 37. Rxb2 Rxb2 38. Qxe3 Rb3 39. Qe8+ Kh7 40. Be4+ 1-0

[Event "Ruhrgebiet VK3 1112"]
[Site "Nordrheinwestfalen"]
[Date "2012.01.08"]
[Round "5"]
[White "Canzler, Harald"]
[Black "Kueper, Peter"]
[Result "1/2-1/2"]
[WhiteElo "2001"]
[BlackElo "1878"]
[PlyCount "42"]
[EventDate "2012.09.18"]
[EventType "team-tourn"]
[EventRounds "9"]
[EventCountry "GER"]
[SourceTitle "EXT 2020"]
[Source "ChessBase"]
[SourceDate "2019.10.17"]
[SourceVersion "1"]
[SourceVersionDate "2019.10.17"]
[SourceQuality "1"]
[WhiteTeam "Dortmund SV"]
[BlackTeam "Kirchhellen SF"]
[WhiteTeamCountry "GER"]
[BlackTeamCountry "GER"]

1. c4 e5 2. g3 d6 3. Nc3 Nc6 4. Bg2 Be6 5. d3 g6 6. Nf3 Bg7 7. 0-0 Nf6 8. Rb1 0-0 9. b4 a6 10. a4 e4 11. dxe4 Bxc4 12. Bg5 h6 13. Bd2 Re8 14. Qc1 Kh7 15. b5 axb5 16. axb5 Na5 17. Qc2 Qe7 18. Ne1 Qd7 19. Nd3 c6 20. bxc6 bxc6 21. Bf4 d5 1/2-1/2

[Event "Ruhrgebiet Verbandsliga1 1011"]
[Site "Nordrheinwestfalen"]
[Date "2011.04.10"]
[Round "9.3"]
[White "Canzler, Harald"]
[Black "Langschmidt, Dirk"]
[Result "1/2-1/2"]
[WhiteElo "2003"]
[BlackElo "1984"]
[PlyCount "66"]
[EventDate "2011.09.12"]
[EventType "team-tourn"]
[EventRounds "9"]
[EventCountry "GER"]
[SourceTitle "EXT 2020"]
[Source "ChessBase"]
[SourceDate "2019.10.17"]
[SourceVersion "1"]
[SourceVersionDate "2019.10.17"]
[SourceQuality "1"]
[WhiteTeam "Dortmund SV"]
[BlackTeam "Muelheim SC"]
[WhiteTeamCountry "GER"]
[BlackTeamCountry "GER"]

1. g3 d5 2. Bg2 Nf6 3. d3 e5 4. Nf3 Bb4+ 5. c3 Bd6 6. 0-0 0-0 7. e4 dxe4 8. dxe4 Nxe4 9. Nxe5 Nxf2 10. Rxf2 Bxe5 11. Rd2 Qf6 12. Na3 Qb6+ 13. Kh1 Be6 14. Qe2 Bf6 15. Rd3 Nc6 16. Bf4 Rfe8 17. Qd2 Ne5 18. Bxe5 Bxe5 19. Re1 Bf6 20. b3 Rad8 21. Rd1 Rxd3 22. Qxd3 Bg4 23. Bf3 Qe6 24. Nb5 Bxf3+ 25. Qxf3 c6 26. Nd6 Rd8 27. Nxb7 Rxd1+ 28. Qxd1 Qe4+ 29. Kg1 Qe3+ 30. Kg2 Qxc3 31. Qd7 g6 32. Nd6 Qd2+ 33. Kh3 Qh6+ 1/2-1/2

[Event "Ruhrgebiet VL1 0910"]
[Site "Germany"]
[Date "2010.03.21"]
[Round "8.2"]
[White "Canzler, Harald"]
[Black "Steinle, Carsten"]
[Result "1/2-1/2"]
[WhiteElo "2064"]
[BlackElo "2095"]
[PlyCount "33"]
[EventDate "2009.09.06"]
[EventType "team-tourn"]
[EventRounds "9"]
[EventCountry "GER"]
[SourceTitle "EXT 2011"]
[Source "ChessBase"]
[SourceDate "2010.11.26"]
[SourceVersion "1"]
[SourceVersionDate "2010.11.26"]
[SourceQuality "1"]
[WhiteTeam "Dortmund"]
[BlackTeam "Ahlen"]
[WhiteTeamCountry "GER"]
[BlackTeamCountry "GER"]

1. e4 e6 2. d4 d5 3. Nd2 b6 4. Ngf3 Nf6 5. e5 Nfd7 6. c3 c5 7. Bd3 Ba6 8. Bb1 Nc6 9. Nf1 cxd4 10. cxd4 Be7 11. Ng3 Qc7 12. Be3 Rc8 13. a3 Na5 14. Ne2 Bc4 15. Nd2 Bxe2 16. Kxe2 f6 17. exf6 1/2-1/2

[Event "Ruhrgebiet VL1 0910"]
[Site "Germany"]
[Date "2009.12.06"]
[Round "4.2"]
[White "Canzler, Harald"]
[Black "Dergatschova, Anna"]
[Result "0-1"]
[WhiteElo "2064"]
[BlackElo "2221"]
[PlyCount "116"]
[EventDate "2009.09.06"]
[EventType "team-tourn"]
[EventRounds "9"]
[EventCountry "GER"]
[SourceTitle "EXT 2011"]
[Source "ChessBase"]
[SourceDate "2010.11.26"]
[SourceVersion "1"]
[SourceVersionDate "2010.11.26"]
[SourceQuality "1"]
[WhiteTeam "Dortmund"]
[BlackTeam "Holsterhausen"]
[WhiteTeamCountry "GER"]
[BlackTeamCountry "GER"]

1. c4 e5 2. g3 c6 3. d4 e4 4. Nc3 f5 5. Nh3 Nf6 6. Bg5 h6 7. Bxf6 Qxf6 8. e3 Na6 9. Be2 g5 10. Bh5+ Kd8 11. f3 exf3 12. Qxf3 Qe6 13. Nf2 Bb4 14. 0-0 g4 15. Qe2 Rg8 16. Nd3 Rg5 17. Nf4 Qg8 18. e4 Bxc3 19. bxc3 fxe4 20. Qxe4 Qxc4 21. Qe8+ Kc7 22. d5 cxd5 23. Rfe1 b5 24. Qh8 Qc5+ 25. Qd4 Bb7 26. Rab1 Bc6 27. Bg6 Kd6 28. Bd3 Qxd4+ 29. cxd4 Nc7 30. a3 a6 31. Rf1 Re8 32. Ne2 Rgg8 33. Rf6+ Re6 34. Rbf1 a5 35. Rf7 h5 36. Rh7 Re3 37. Rf6+ Ne6 38. Nf4 b4 39. axb4 axb4 40. Bf5 b3 41. Nd3 Bb5 42. Ne5 Re1+ 43. Kf2 Re2+ 44. Kg1 Ra8 45. Bd3 Ra1+ 46. Rf1 Rxf1+ 47. Kxf1 Nxd4 48. Bxb5 Rxe5 49. Rxd7+ Kc5 50. Bd3 Nf3 51. Rb7 Kd4 52. Be2 Nd2+ 53. Ke1 Kc3 54. Rc7+ Nc4 55. Kd1 b2 56. Rb7 Ne3+ 57. Ke1 Nc2+ 58. Kd1 Nb4 0-1

[Event "Ruhrgebiet VL1 0910"]
[Site "Germany"]
[Date "2009.11.08"]
[Round "3.1"]
[White "Canzler, Harald"]
[Black "Kummerow, Heiko"]
[Result "0-1"]
[WhiteElo "2064"]
[BlackElo "2348"]
[PlyCount "100"]
[EventDate "2009.09.06"]
[EventType "team-tourn"]
[EventRounds "9"]
[EventCountry "GER"]
[SourceTitle "EXT 2011"]
[Source "ChessBase"]
[SourceDate "2010.11.26"]
[SourceVersion "1"]
[SourceVersionDate "2010.11.26"]
[SourceQuality "1"]
[WhiteTeam "Dortmund"]
[BlackTeam "Laeufer Ost"]
[WhiteTeamCountry "GER"]
[BlackTeamCountry "GER"]

1. g3 g6 2. Bg2 Bg7 3. c4 Nf6 4. Nc3 0-0 5. e4 d6 6. Nge2 c5 7. 0-0 Nc6 8. d3 a6 9. h3 Ne8 10. Be3 Nc7 11. d4 cxd4 12. Nxd4 Ne6 13. Nde2 Rb8 14. a4 a5 15. Rb1 Nc5 16. b3 Nb4 17. Qd2 f5 18. Bd4 Bxd4 19. Nxd4 fxe4 20. Nxe4 Nxe4 21. Bxe4 Bxh3 22. Qh6 Qd7 23. Rfe1 Rf6 24. Nf3 Bf5 25. Ng5 e5 26. Rbd1 Qg7 27. Qh4 h6 28. Nh3 g5 29. Qh5 Bxe4 30. Rxe4 Nc6 31. Kg2 Nd4 32. Rd3 Rbf8 33. Rde3 b6 34. Rg4 Qb7+ 35. Rge4 Nf5 36. Re2 Ng7 37. Qg4 Rg6 38. R2e3 h5 39. Qe2 g4 40. Ng1 Ne6 41. f3 Ng5 42. Qd3 Rgf6 43. fxg4 Rf2+ 44. Kh1 hxg4 45. Qd5+ Qxd5 46. cxd5 Nxe4 47. Rxe4 Kf7 48. Rxg4 Rh8+ 49. Rh4 Rxh4+ 50. gxh4 Rf4 0-1

[Event "Ruhrgebiet VK3 0304"]
[Site "Ruhrgebiet"]
[Date "2003.09.28"]
[Round "1.3"]
[White "Canzler, Harald"]
[Black "Hampe, Lars"]
[Result "1-0"]
[WhiteElo "1931"]
[BlackElo "1898"]
[PlyCount "57"]
[EventDate "2003.09.28"]
[EventType "team"]
[EventRounds "9"]
[EventCountry "GER"]
[SourceTitle "EXT 2007"]
[Source "ChessBase"]
[SourceDate "2006.11.23"]
[SourceVersion "1"]
[SourceVersionDate "2006.11.23"]
[SourceQuality "1"]
[WhiteTeam "Dortmund SV"]
[BlackTeam "Hoentrop SG"]
[WhiteTeamCountry "GER"]
[BlackTeamCountry "GER"]

1. c4 Nf6 2. g3 e6 3. Nf3 d5 4. b3 Be7 5. Bg2 0-0 6. 0-0 b6 7. Bb2 Bb7 8. d3 Nbd7 9. Nbd2 c5 10. cxd5 exd5 11. d4 Ne4 12. Rc1 Re8 13. Rc2 Ndf6 14. dxc5 Bxc5 15. Bd4 Bd6 16. Qa1 g6 17. Nxe4 Nxe4 18. Bh3 Ng5 19. Nxg5 Qxg5 20. e3 Qe7 21. Rfc1 f5 22. Bg2 Qf7 23. h4 Re7 24. Bf3 h6 25. a4 Rc7 26. a5 Rac8 27. Rxc7 Bxc7 28. a6 Ba8 29. Qc3 1-0

[Event "Ruhrgebiet VK1 9900"]
[Site "Ruhrgebiet"]
[Date "2000.02.20"]
[Round "6"]
[White "Canzler, Harald"]
[Black "Bernhard, Alfred"]
[Result "1-0"]
[WhiteElo "1950"]
[BlackElo "1925"]
[PlyCount "49"]
[EventDate "1999.09.19"]
[EventType "team-tourn"]
[EventRounds "9"]
[EventCountry "GER"]
[SourceTitle "EXT 2024"]
[Source "ChessBase"]
[SourceDate "2023.10.10"]
[SourceVersion "1"]
[SourceVersionDate "2023.10.10"]
[SourceQuality "1"]

1. Nf3 d5 2. g3 Nf6 3. Bg2 e6 4. 0-0 Be7 5. d3 0-0 6. Nbd2 Bd7 7. e4 Bc6 8. e5 Ne8 9. Re1 g6 10. Nf1 d4 11. Bh6 Ng7 12. Qd2 Bxf3 13. Bxf3 c6 14. h4 Re8 15. Nh2 Nd7 16. Ng4 Nf5 17. Qf4 Rb8 18. Kg2 a5 19. Be4 Kh8 20. h5 Rc8 21. Rh1 Rc7 22. hxg6 fxg6 23. Bxf5 exf5 24. Bg7+ Kxg7 25. Rxh7+ 1-0